000 00377nam a22001697a 4500
003 MPLRDC
005 20220104143521.0
008 210129b ||||| |||| 00| 0 eng d
082 _a523.37 GY
100 _a高炎编著
245 _a小学韵律活动
_c
250 _a三版
260 _a
_b正中书局
_c1950
300 _b
650 _a
942 _cBK
_o523.37 GY
999 _c40689
_d40679